000
00427nam a2200133Ia 4500
008
100328s9999 xx 000 0 und d
082
_b
29283
100
_a
आपटे ह.ना.
245
_a
चाणाक्षपणाचा कळस.
260
_b
आर्यभूषण
630
_a
चाणाक्षपणाचा कळस.
730
_a
चाणाक्षपणाचा कळस.
942
_c
BOOK
999
_c
520325
_d
520322